| 000 | 00960cgm a2200253 4500 | ||
|---|---|---|---|
| 008 | 090401t1996 xxu||||| |||| 00| 0 eng d | ||
| 020 | _a1898671079 | ||
| 035 | _a(Sirsi) u5002 | ||
| 041 | _aeng | ||
| 050 | _a690.22 | ||
| 110 |
_aConstruction Industry Council _92417 |
||
| 245 | _aCDM in practice (sound recording) | ||
| 260 |
_aLondon _bCIC _c1996 |
||
| 300 | _a1 sound cassette (60 min.) | ||
| 350 | _a13 | ||
| 520 | _aProduced by CERCI Communications for the CPD in Construction Group of the Construction Industry Council. Based on a studio discussion between various experts and practising professionals. | ||
| 650 | _aCONSTRUCTION (DESIGN AND MANAGEMENT) REGULATIONS 1994 | ||
| 650 | _aCONSTRUCTION (DESIGN AND MANAGEMENT) REGULATIONS 1994 | ||
| 650 | _aCONSTRUCTION (DESIGN AND MANAGEMENT) REGULATIONS 1994 | ||
| 690 | _aBUILT ENVIRONMENT-BUILDING STANDARDS | ||
| 700 |
_aBirkby, Gillian _xChairman |
||
| 942 | _n0 | ||
| 948 | _c04/03/1997 | ||
| 999 |
_c85196 _d85196 |
||